[Event "Lvov Ivanchuk School-ch"]
[Site "Lvov"]
[Date "2017.10.15"]
[Round "9"]
[White "Lebedeva, Valeriya"]
[Black "Kulish, Nazar"]
[Result "1/2-1/2"]
[WhiteElo "1522"]
[BlackElo "1653"]
[PlyCount "111"]
[EventDate "2017.10.13"]
[EventType "swiss"]
[EventRounds "9"]
[EventCountry "UKR"]
[SourceTitle "CBM 181 Extra"]
[Source "ChessBase"]
[SourceDate "2017.12.12"]
[SourceVersion "1"]
[SourceVersionDate "2017.12.12"]
[SourceQuality "1"]

1. e4 e5 2. Nf3 Nc6 3. Bc4 Bc5 4. b4 Bxb4 5. c3 Ba5 6. d4 exd4 7. 0-0 Nf6 8. Bg5 d6 9. cxd4 h6 10. Bh4 Bg4 11. Bb5 0-0 12. Bxc6 bxc6 13. h3 Bh5 14. g4 Bg6 15. e5 dxe5 16. Nxe5 Qd6 17. Qa4 Bb6 18. Na3 Qxd4 19. Nac4 Rfe8 20. Nxc6 Qc5 21. Rfe1 Be4 22. N6e5 Rxe5 23. Nxe5 Qxe5 24. Bxf6 Qxf6 25. Qxe4 Qxf2+ 26. Kh1 Rd8 27. Rad1 Rd2 28. Rxd2 Qxd2 29. Qe8+ Kh7 30. Qe4+ g6 31. Re2 Qc1+ 32. Re1 Qb2 33. Re2 Qa1+ 34. Re1 Qxa2 35. Rf1 Qe6 36. Qxe6 fxe6 37. Re1 Kg7 38. Rxe6 Kf7 39. Re4 Kf6 40. Kg2 g5 41. Kf3 Bc5 42. Rc4 Bd6 43. h4 a5 44. h5 Ke5 45. Ke3 Kd5 46. Re4 c5 47. Kd3 Be5 48. Ra4 Bd4 49. Rxa5 Ke5 50. Ra6 Kf4 51. Rxh6 Kxg4 52. Rh7 Kh3 53. h6 g4 54. Rd7 Bb2 55. Kc4 g3 56. Rg7 1/2-1/2